| 000 | 00842nam a2200229Ii 4500 | ||
|---|---|---|---|
| 003 | JO-AjNU | ||
| 008 | 230605s9999||||xx |||||||||||||| ||und|| | ||
| 017 | _a1133/3/2009 | ||
| 020 | _a978-9957-07-641-2 | ||
| 040 |
_aJO-AjNU _bara _erda _cJO-AjNU |
||
| 041 | _aara | ||
| 050 | 1 | 4 | _aML160 2010 |
| 100 | 3 |
_aشوني، آيرشيبيت تأليف/حداد، رامي مترجم/ عبد الحفيظ، اياد مترجم, _eauthor _941352 |
|
| 245 | 0 | 0 | _aتطبيق مبادئ كوادي منحنى التربية الموسيقية حسب منهجية كوادي |
| 250 | _aط1 | ||
| 264 | 3 | 1 | _aعمان:دار الفكر ،2010 |
| 300 | _a122ص | ||
| 336 |
_atext _btxt _2rdacontent |
||
| 337 |
_aunmediated _bn _2rdamedia |
||
| 338 |
_avolume _bnc _2rdacarrier |
||
| 650 | 4 |
_aالموسيقى- الاعمال الموسيقية _941353 |
|
| 999 |
_aA17624 _c21192 _d21192 |
||